000 01076nam0a2200301 4500
001 RU\NLR\BIBL_A\022043553
005 20250721122117.0
010 _a978-5-7590-1342-6
_9300
035 _a(NLR Aleph) 022043553
090 _a12576736
_c12576736
100 _a20231006d2022 |||y0rusy50 ca
101 0 _achm
102 _aRU
105 _ac z 000ay
181 0 _ai
_baxxe
182 0 _an
200 1 _aЖепӹн корныжы
_eповесть дон шайыштмашвлӓ
_fСветлана Ильина
203 _aТекст
_bвизуальный
_cнепосредственный
210 _aЙошкар-Ола
_cМарий книгӓ изд-во
_d2022
215 _a143
_cпортр.
_d20
225 1 _aНац. б-ка
541 1 _aЖизнь на ладони
_eповести и рассказы
_zrus
686 1 _aШ6(2-Мар)7-4
700 1 _aИльина
_bС.В.
_cписатель
_f1957-
_gСветлана Васильевна
_4070
852 _aNLR
_bОНЛ
_jМар.г./3-2806
942 _cBOOK
980 _aNB